书目信息 |
| 书名: | 基本词汇5000词 | |
| 作者: | 乔活·马托里著. | |
| 分册号: | ||
| 分册名: | 出版地: |
|
| 出版社: | 拉鲁斯 | |
| 出版时间: | 1963. | |
| 页数: | 359 p. ; | |
| 开本: | 20cm. | |
| 丛书名: | ||
| 中图分类号: | ||
| 科图分类号: | ||
| 其他分类号: | H323.1 | |
| 主题词: | ||
| 电子资源: | ||
| 000 | 00453nam 2200181 a 4500 | |
| 001 | E0739089941 | |
| 005 | 20070721105314.40 | |
| 008 | 070721s1963 00010 eng | |
| 040 | @aPFT@bchi | |
| 041 | @achi@hfre | |
| 090 | @aH323.1 | |
| 099 | @dH323.1@ex1 | |
| 245 | 1 | @a基本词汇5000词 / @c乔活·马托里著. |
| 246 | @aDICTIONNAIRE DU VOCABULAIRE ESSENTIEL | |
| 260 | @b拉鲁斯,@c1963. | |
| 300 | @a359 p. ;@c20cm. | |
| 650 | @a词汇 | |
| 700 | @a乔活·马托里著 | |
| 基本词汇5000词 / / 乔活·马托里著.-拉鲁斯, , 1963. |
| 359 p. ; ; 20cm. |
| ISBN |
| ● |
| 相关链接 |
|
|
|
|
正题名:基本词汇5000词
索取号:H323.1/x1
 
预约/预借
| 序号 | 登录号 | 条形码 | 馆藏地/架位号 | 状态 | 备注 |
| 1 | 181813 | 000633256 | 第二样本阅览室/ [索取号:H323.1/x1] | 在馆 |